[Event "Junior Online 4NCL Division 5"]
[Site "online"]
[Date "2020.05.21"]
[Round "6.102"]
[White "Shepherd, Fiontan"]
[Black "Naef Schmid, Ianto"]
[Result "1-0"]
[WhiteElo "458"]
[BlackElo "1307"]
[PlyCount "159"]
[EventDate "2020.05.21"]
[WhiteTeam "Dundee"]
[BlackTeam "Wey 2"]

1. e4 c5 2. Nf3 Nc6 3. Bb5 g6 4. d4 cxd4 5. Bxc6 dxc6 6. Qxd4 Qxd4 7. Nxd4 Bg7
8. c3 e5 9. Nf3 Ne7 10. O-O O-O 11. Bg5 Re8 12. Nbd2 Bg4 13. h3 Bxf3 14. Nxf3
Rad8 15. Rad1 f6 16. Be3 a6 17. Rxd8 Rxd8 18. Bb6 Rd7 19. b4 Nc8 20. Bc5 b6 21.
Be3 Na7 22. Bxb6 Nc8 23. Be3 Nd6 24. Nd2 Nb5 25. c4 Na3 26. Rc1 Rd3 27. b5 axb5
28. cxb5 cxb5 29. Rc8+ Bf8 30. Bc5 Rxd2 31. Rxf8+ Kg7 32. Bxa3 Rxa2 33. Be7 Rb2
34. Rxf6 b4 35. Rb6 Rb1+ 36. Kh2 b3 37. Bf6+ Kf7 38. Bxe5 Ke7 39. f4 Kd7 40. f5
gxf5 41. exf5 Ke7 42. f6+ Kf7 43. Rb7+ Kg6 44. f7 Rf1 45. g4 Rxf7 46. Rxf7 Kxf7
47. Kg2 Ke6 48. Bb2 Kd5 49. Kf3 Kc4 50. Kf4 Kd3 51. Kf5 Kc2 52. Be5 b2 53. Bxb2
Kxb2 54. h4 Kc3 55. g5 Kc4 56. h5 Kd5 57. Kf6 Kd6 58. Kf7 Ke5 59. g6 hxg6 60.
hxg6 Kf5 61. g7 Ke5 62. g8=Q Kd4 63. Qg5 Ke4 64. Kf6 Kd4 65. Qe5+ Kd3 66. Kf5
Kc4 67. Qd6 Kc3 68. Ke4 Kc4 69. Qd5+ Kc3 70. Ke3 Kb4 71. Qc6 Kb3 72. Kd3 Kb2
73. Kd2 Kb3 74. Qc3+ Ka4 75. Qb2 Ka5 76. Kc3 Ka6 77. Kc4 Ka7 78. Kc5 Ka8 79.
Kc6 Ka7 80. Qb7# 1-0

[Event "Junior Online 4NCL Division 5"]
[Site "online"]
[Date "2020.05.21"]
[Round "6.103"]
[White "Mandell, Eli"]
[Black "Baron, Alexander"]
[Result "1-0"]
[WhiteElo "1232"]
[BlackElo "216"]
[PlyCount "109"]
[EventDate "2020.05.21"]
[WhiteTeam "Wey 2"]
[BlackTeam "Dundee"]

1. d4 d5 2. Nf3 Nc6 3. Bf4 Bf5 4. Nc3 Nf6 5. Nb5 Rc8 6. Nc3 g6 7. e3 Nb4 8. Bd3
Bxd3 9. cxd3 Bg7 10. Qa4+ Nc6 11. Ne5 O-O 12. Nxc6 bxc6 13. Qxc6 Ng4 14. h3 Nf6
15. Qc5 Qd7 16. Qxa7 Rb8 17. b3 Ra8 18. Qxc7 Qxc7 19. Bxc7 Rfc8 20. Nb5 e6 21.
Be5 Ra5 22. Nd6 Rd8 23. Nb7 Bf8 24. Nxd8 Bb4+ 25. Ke2 Be7 26. Nc6 Ra6 27. Nxe7+
Kg7 28. Bxf6+ Kxf6 29. Ng8+ Kg7 30. Ne7 Ra7 31. Nc6 Ra6 32. Nb4 Rb6 33. Nc2 Rc6
34. Rac1 Rc3 35. Rhd1 h5 36. Nb4 Rxc1 37. Rxc1 f6 38. Rc7+ Kh6 39. a4 f5 40. a5
Kg5 41. a6 f4 42. a7 fxe3 43. Kxe3 e5 44. a8=Q exd4+ 45. Kxd4 Kh6 46. Qh8+ Kg5
47. Nxd5 h4 48. Qe5+ Kh6 49. Qg7+ Kh5 50. Nf4+ Kg5 51. Qe5+ Kh6 52. Qe3 g5 53.
Rc6+ Kg7 54. Qe7+ Kg8 55. Rc8# 1-0

[Event "Junior Online 4NCL Division 5"]
[Site "online"]
[Date "2020.05.21"]
[Round "6.104"]
[White "Liu, Haoqi"]
[Black "Mercer, Harry"]
[Result "0-1"]
[WhiteElo "200"]
[BlackElo "992"]
[PlyCount "28"]
[EventDate "2020.05.21"]
[WhiteTeam "Dundee"]
[BlackTeam "Wey 2"]

1. e4 e5 2. Nf3 Nc6 3. Nc3 Bc5 4. Bc4 Nf6 5. d3 O-O 6. O-O d6 7. Bg5 Bg4 8.
Bxf6 Qxf6 9. Qd2 Bxf3 10. gxf3 Qxf3 11. Rfe1 Nd4 12. Nd5 Qh3 13. Re3 Nf3+ 14.
Kh1 Qxh2# 0-1

[Event "Junior Online 4NCL Division 5"]
[Site "online"]
[Date "2020.05.21"]
[Round "6.105"]
[White "Kanodia, Ramit"]
[Black "Weedon, Oscar"]
[Result "0-1"]
[WhiteElo "770"]
[BlackElo "1352"]
[PlyCount "80"]
[EventDate "2020.05.21"]
[WhiteTeam "Dundee"]
[BlackTeam "Wey 2"]

1. e4 c5 2. Nf3 g6 3. Nc3 Bg7 4. Bc4 Nc6 5. Ng5 e6 6. d3 h6 7. Nf3 a6 8. a3 b5
9. Bb3 Nge7 10. Bf4 g5 11. Bg3 d6 12. a4 b4 13. Ne2 Bxb2 14. Rb1 Bg7 15. h4 g4
16. Nd2 Bd7 17. f3 gxf3 18. Nxf3 e5 19. c3 Rf8 20. cxb4 cxb4 21. d4 f6 22. dxe5
fxe5 23. Qxd6 Rf6 24. Qc5 Rb8 25. Nxe5 Nxe5 26. Bxe5 Rc6 27. Qf2 Be6 28. Bxg7
Bxb3 29. Qf8+ Kd7 30. Qf5+ Be6 31. Rd1+ Rd6 32. Qf6 b3 33. e5 Qa5+ 34. Kf2 Qc5+
35. Kg3 Qe3+ 36. Kh2 Rxd1 37. Rxd1+ Nd5 38. Ng3 b2 39. Bxh6 Qb3 40. Qg7+ Kc6
0-1

[Event "Junior Online 4NCL Division 5"]
[Site "online"]
[Date "2020.05.21"]
[Round "6.106"]
[White "Naef Schmid, Ianto"]
[Black "Shepherd, Fiontan"]
[Result "0-1"]
[WhiteElo "1307"]
[BlackElo "458"]
[PlyCount "52"]
[EventDate "2020.05.21"]
[WhiteTeam "Wey 2"]
[BlackTeam "Dundee"]

1. e4 e5 2. Nf3 Nc6 3. Bc4 Be7 4. O-O Nf6 5. Nc3 O-O 6. d3 h6 7. h3 d6 8. Be3
Na5 9. Bb3 Nxb3 10. axb3 a6 11. Ne2 Be6 12. c3 Nh7 13. d4 exd4 14. cxd4 f5 15.
d5 fxe4 16. dxe6 exf3 17. gxf3 Rxf3 18. Kh2 Bg5 19. Bxg5 Nxg5 20. Ng1 Rf6 21.
Ne2 Rxe6 22. Rg1 Nf3+ 23. Kh1 Nxg1 24. Kxg1 Rg6+ 25. Kh2 Qf6 26. Qf1 Rf8 0-1

[Event "Junior Online 4NCL Division 5"]
[Site "online"]
[Date "2020.05.21"]
[Round "6.107"]
[White "Baron, Alexander"]
[Black "Mandell, Eli"]
[Result "0-1"]
[WhiteElo "216"]
[BlackElo "1232"]
[PlyCount "90"]
[EventDate "2020.05.21"]
[WhiteTeam "Dundee"]
[BlackTeam "Wey 2"]

1. e4 e5 2. Nf3 Nc6 3. Bc4 Bc5 4. c3 Nf6 5. d4 exd4 6. cxd4 Bb6 7. O-O Nxe4 8.
Re1 d5 9. Bd3 Bf5 10. Bxe4 Bxe4 11. Nc3 O-O 12. Nxe4 dxe4 13. Rxe4 Re8 14. Rg4
Nxd4 15. Nxd4 Bxd4 16. Rxd4 Qxd4 17. Bd2 Rad8 18. g3 Qxd2 19. Qxd2 Rxd2 20. Rb1
Red8 21. Re1 Rd1 22. Rxd1 Rxd1+ 23. Kg2 Rd2 24. Kh3 Rxf2 25. b4 Rxa2 26. b5 Rb2
27. g4 Rxb5 28. g5 Rxg5 29. Kh4 a5 30. h3 a4 31. Kxg5 a3 32. Kh4 a2 33. Kg4
a1=Q 34. h4 Qg1+ 35. Kh3 b5 36. h5 b4 37. h6 Qh1+ 38. Kg3 Qxh6 39. Kg2 b3 40.
Kg1 b2 41. Kg2 b1=Q 42. Kf2 Qd2+ 43. Kf3 Qbd3+ 44. Kg4 Qg2+ 45. Kf4 Qde4# 0-1

[Event "Junior Online 4NCL Division 5"]
[Site "online"]
[Date "2020.05.21"]
[Round "6.108"]
[White "Mercer, Harry"]
[Black "Liu, Haoqi"]
[Result "1-0"]
[WhiteElo "992"]
[BlackElo "200"]
[PlyCount "115"]
[EventDate "2020.05.21"]
[WhiteTeam "Wey 2"]
[BlackTeam "Dundee"]

1. e4 e5 2. Nf3 Nc6 3. Bb5 Nf6 4. O-O Nd4 5. Nxd4 exd4 6. c3 Nxe4 7. Re1 Qe7 8.
f3 c6 9. Rxe4 Qe6 10. Rxe6+ dxe6 11. Bc4 b5 12. Bb3 a5 13. a3 a4 14. Ba2 Bd6
15. b4 O-O 16. Qc2 e5 17. cxd4 exd4 18. d3 Re8 19. Nd2 Be6 20. Bb2 Be5 21. Bxe6
Rxe6 22. Re1 Bxh2+ 23. Kxh2 Rxe1 24. Qxc6 Rd8 25. Ne4 f6 26. Qxb5 f5 27. Qxf5
Rb1 28. Bxd4 Rxd4 29. Qc8+ Kf7 30. Ng5+ Kg6 31. Qe6+ Kxg5 32. Qe5+ Kh4 33.
Qxd4+ Kh5 34. Qc5+ Kh4 35. b5 g5 36. b6 h5 37. Qc7 g4 38. fxg4 hxg4 39. g3+ Kg5
40. b7 Kh5 41. Kg2 Kg5 42. Kf2 Rb2+ 43. Ke3 Kf5 44. b8=Q Rxb8 45. Qxb8 Ke6 46.
Qb5 Kd6 47. Qb4+ Ke5 48. Qd4+ Ke6 49. Ke4 Ke7 50. Ke5 Kf7 51. Qb6 Ke7 52. Qd6+
Kf7 53. Qe6+ Kg7 54. Qf6+ Kg8 55. Qe7 Kh8 56. Kf6 Kg8 57. Qf7+ Kh8 58. Qg7# 1-0

[Event "Junior Online 4NCL Division 5"]
[Site "online"]
[Date "2020.05.21"]
[Round "6.111"]
[White "Bleeg, Elliott"]
[Black "Li, Reya"]
[Result "0-1"]
[WhiteElo "1307"]
[BlackElo "1427"]
[PlyCount "44"]
[EventDate "2020.05.21"]
[WhiteTeam "Bristol Bishops"]
[BlackTeam "Ojays F"]

1. e4 e5 2. Nf3 Nc6 3. Bc4 Bc5 4. O-O Nf6 5. Nc3 Nxe4 6. Nxe4 d5 7. Bd3 dxe4 8.
Bxe4 O-O 9. Bxc6 bxc6 10. Nxe5 Ba6 11. d3 Qf6 12. Nf3 Rfe8 13. Re1 h6 14. Rxe8+
Rxe8 15. Qd2 Qe6 16. b3 Qf6 17. Rb1 Bd4 18. Nxd4 Qxd4 19. Bb2 Qg4 20. Re1 Rxe1+
21. Qxe1 Kf8 22. Qc3 Qd1+ 0-1

[Event "Junior Online 4NCL Division 5"]
[Site "online"]
[Date "2020.05.21"]
[Round "6.112"]
[White "Genc, Guven"]
[Black "Clegg, Anya"]
[Result "1-0"]
[WhiteElo "1397"]
[BlackElo "1142"]
[PlyCount "63"]
[EventDate "2020.05.21"]
[WhiteTeam "Ojays F"]
[BlackTeam "Bristol Bishops"]

1. e4 e5 2. Nf3 Nc6 3. Bc4 Nf6 4. d3 g6 5. Nc3 Bg7 6. Bg5 O-O 7. Qd2 d6 8.
O-O-O Qe8 9. Kb1 Be6 10. Bxe6 Qxe6 11. Bxf6 Qxf6 12. h4 Nd4 13. Nd5 Qd8 14.
Nxd4 exd4 15. g4 c6 16. Nf4 d5 17. h5 g5 18. h6 Be5 19. Nh5 Qd7 20. Qxg5+ Kh8
21. Qxe5+ f6 22. Nxf6 Rfe8 23. Nxd7+ Rxe5 24. Nxe5 Re8 25. f4 dxe4 26. dxe4 c5
27. Rh5 Rf8 28. Rf5 Re8 29. c3 dxc3 30. Rd8 Rxd8 31. Nf7+ Kg8 32. Nxd8 1-0

[Event "Junior Online 4NCL Division 5"]
[Site "online"]
[Date "2020.05.21"]
[Round "6.113"]
[White "Manouvel, Maelys"]
[Black "McAndrew, Rory"]
[Result "0-1"]
[WhiteElo "1037"]
[BlackElo "1397"]
[PlyCount "28"]
[EventDate "2020.05.21"]
[WhiteTeam "Bristol Bishops"]
[BlackTeam "Ojays F"]

1. e4 e5 2. Nf3 Nc6 3. Bb5 Bc5 4. O-O Nf6 5. Re1 d6 6. Bxc6+ bxc6 7. h3 Nh5 8.
d3 Qf6 9. Bg5 Qg6 10. Nc3 h6 11. Bd2 Bxh3 12. Kf1 Qxg2+ 13. Ke2 Nf4+ 14. Bxf4
Qxf2# 0-1

[Event "Junior Online 4NCL Division 5"]
[Site "online"]
[Date "2020.05.21"]
[Round "6.114"]
[White "McAndrew, Max"]
[Black "Saha, Soumil"]
[Result "0-1"]
[WhiteElo "1390"]
[BlackElo "1075"]
[PlyCount "58"]
[EventDate "2020.05.21"]
[WhiteTeam "Ojays F"]
[BlackTeam "Bristol Bishops"]

1. e4 e6 2. d4 d5 3. e5 c5 4. c3 Nc6 5. Bb5 Bd7 6. Nf3 Nge7 7. Bg5 g6 8. dxc5
Bg7 9. Bxe7 Nxe7 10. Bxd7+ Qxd7 11. b4 O-O 12. Nbd2 Qc7 13. Qe2 Nc6 14. c4 Nxe5
15. Nxe5 Bxe5 16. cxd5 Bxa1 17. d6 Qc6 18. O-O Qd5 19. Rxa1 Qd4 20. Rb1 a5 21.
Nf3 Qd5 22. Qb5 axb4 23. Rxb4 Qd1+ 24. Qf1 Qc2 25. Qb5 Rxa2 26. Rb2 Ra1+ 27.
Rb1 Rxb1+ 28. Qxb1 Qxb1+ 29. Ne1 Qxe1# 0-1

[Event "Junior Online 4NCL Division 5"]
[Site "online"]
[Date "2020.05.21"]
[Round "6.115"]
[White "Li, Reya"]
[Black "Bleeg, Elliott"]
[Result "1-0"]
[WhiteElo "1427"]
[BlackElo "1307"]
[PlyCount "51"]
[EventDate "2020.05.21"]
[WhiteTeam "Ojays F"]
[BlackTeam "Bristol Bishops"]

1. e4 e5 2. Nf3 Nc6 3. Bc4 Bc5 4. c3 Nf6 5. d3 d6 6. a4 Bg4 7. b4 Bb6 8. a5
Bxf3 9. Qxf3 O-O 10. axb6 axb6 11. Rxa8 Qxa8 12. Bg5 Qa1 13. O-O Nd7 14. b5 Na7
15. Be3 Qa5 16. d4 Nxb5 17. dxe5 Nxe5 18. Qe2 Nxc3 19. Nxc3 Qxc3 20. Rc1 Qb4
21. f4 Nxc4 22. Rxc4 Qb1+ 23. Rc1 Qxe4 24. Rxc7 Ra8 25. Kf2 Ra6 26. Rc8+ 1-0

[Event "Junior Online 4NCL Division 5"]
[Site "online"]
[Date "2020.05.21"]
[Round "6.116"]
[White "Clegg, Anya"]
[Black "Genc, Guven"]
[Result "1-0"]
[WhiteElo "1142"]
[BlackElo "1397"]
[PlyCount "31"]
[EventDate "2020.05.21"]
[WhiteTeam "Bristol Bishops"]
[BlackTeam "Ojays F"]

1. d4 d5 2. Nf3 Nf6 3. e3 c5 4. c4 cxd4 5. exd4 e6 6. Bd3 Bb4+ 7. Nbd2 Nc6 8.
O-O O-O 9. a3 Be7 10. b3 Bd6 11. Re1 Re8 12. cxd5 Nxd5 13. Qe2 Qe7 14. Qe4 Nc3
15. Qxh7+ Kf8 16. Qh8# 1-0

[Event "Junior Online 4NCL Division 5"]
[Site "online"]
[Date "2020.05.21"]
[Round "6.117"]
[White "McAndrew, Rory"]
[Black "Manouvel, Maelys"]
[Result "1-0"]
[WhiteElo "1397"]
[BlackElo "1037"]
[PlyCount "115"]
[EventDate "2020.05.21"]
[WhiteTeam "Ojays F"]
[BlackTeam "Bristol Bishops"]

1. e4 c6 2. d4 d5 3. Nc3 dxe4 4. Nxe4 Nd7 5. Nf3 Ngf6 6. Bc4 Nxe4 7. Qd3 Nef6
8. Ng5 e6 9. Qf3 Be7 10. d5 cxd5 11. Bb5 O-O 12. Qg3 Ne4 13. Nxe4 dxe4 14. Bh6
Bf6 15. f3 exf3 16. gxf3 Bh4 17. Rg1 Bxg3+ 18. Rxg3 Qa5+ 19. c3 Qxb5 20. Bxg7
Rd8 21. Bf6+ Kf8 22. Bxd8 Qxb2 23. Rd1 Qxc3+ 24. Kf1 Ne5 25. Kf2 Qc2+ 26. Ke3
Qxd1 27. Bf6 Nc4+ 28. Kf4 e5+ 29. Kg5 Be6 30. Kh6 Rd8 31. Kxh7 Ke8 32. Rg8+ Kd7
33. Rxd8+ Kc6 34. Rxd1 Ne3 35. Rc1+ Kd5 36. Rc7 Bf5+ 37. Kg7 e4 38. fxe4+ Bxe4
39. Rxb7 a5 40. Rb5+ Ke6 41. Rxa5 Ng4 42. Bh4 Nxh2 43. Bg3 Nf3 44. Rb5 f5 45.
a4 Nd4 46. Rb6+ Kd5 47. a5 Kc5 48. Bc7 Nc6 49. a6 Nb4 50. a7 Kd4 51. Rxb4+ Ke3
52. Rxe4+ fxe4 53. a8=Q Kf3 54. Kf6 Kg4 55. Qxe4+ Kh5 56. Qg2 Kh4 57. Kf5 Kh5
58. Qg5# 1-0

[Event "Junior Online 4NCL Division 5"]
[Site "online"]
[Date "2020.05.21"]
[Round "6.118"]
[White "Saha, Soumil"]
[Black "McAndrew, Max"]
[Result "1-0"]
[WhiteElo "1075"]
[BlackElo "1390"]
[PlyCount "73"]
[EventDate "2020.05.21"]
[WhiteTeam "Bristol Bishops"]
[BlackTeam "Ojays F"]

1. d4 d5 2. c4 e6 3. cxd5 exd5 4. Nc3 Nf6 5. Bg5 Be7 6. Nf3 Nc6 7. e3 a6 8. Be2
Bb4 9. O-O Be7 10. a3 h6 11. Bxf6 Bxf6 12. h3 O-O 13. Qd3 Ne7 14. Qc2 Bf5 15.
Bd3 Qd7 16. Bxf5 Nxf5 17. e4 dxe4 18. Qxe4 Rab8 19. Nd5 Rfe8 20. Nxf6+ gxf6 21.
Qg4+ Kh8 22. Nh4 Nxd4 23. Qxd7 Rbd8 24. Qxf7 Re4 25. Qxf6+ Kg8 26. Qxd8+ Kf7
27. Qd5+ Kf8 28. Qxe4 h5 29. Qxd4 c5 30. Qd8+ Kf7 31. Qd7+ Kf6 32. Qf5+ Ke7 33.
Rfd1 Ke8 34. Qe6+ Kf8 35. Rd8+ Kg7 36. Rd7+ Kf8 37. Ng6# 1-0

[Event "Junior Online 4NCL Division 5"]
[Site "online"]
[Date "2020.05.21"]
[Round "6.121"]
[White "Atkinson, Matthew"]
[Black "Bhasin, Aadit"]
[Result "0-1"]
[WhiteElo "1247"]
[BlackElo "1255"]
[PlyCount "96"]
[EventDate "2020.05.21"]
[WhiteTeam "SASCA Sharks"]
[BlackTeam "Dulwich College Junior B"]

1. e4 c5 2. Nf3 d6 3. Bc4 e6 4. Nc3 Nf6 5. d4 cxd4 6. Qxd4 Nc6 7. Qd1 Na5 8.
Bb5+ Bd7 9. Bxd7+ Qxd7 10. Qd3 a6 11. Bf4 e5 12. Bd2 Nc6 13. Nd5 Nxd5 14. Qxd5
f5 15. Ng5 f4 16. Qe6+ Qxe6 17. Nxe6 Rc8 18. Ng5 Nd4 19. O-O-O Rxc2+ 20. Kb1
Rc8 21. Bc3 Ne2 22. Rc1 Nxc1 23. Rxc1 h6 24. Ne6 Ke7 25. Nxf4 exf4 26. Bf6+ Kd7
27. Rxc8 Kxc8 28. Bd4 b5 29. Bc3 Rg8 30. Bd2 g5 31. f3 Bg7 32. b3 Re8 33. Bb4
Kd7 34. Bd2 Rc8 35. h3 Bc3 36. Bxc3 Rxc3 37. Kb2 Re3 38. Kb1 Re2 39. a4 bxa4
40. bxa4 Rxg2 41. a5 Rh2 42. h4 gxh4 43. Kc1 Rf2 44. Kd1 h3 45. Ke1 Ra2 46. Kf1
h2 47. e5 dxe5 48. Ke1 h1=Q# 0-1

[Event "Junior Online 4NCL Division 5"]
[Site "online"]
[Date "2020.05.21"]
[Round "6.122"]
[White "Sharma, Ayush"]
[Black "Krajci, Patrik"]
[Result "1-0"]
[WhiteElo "1180"]
[BlackElo "1255"]
[PlyCount "57"]
[EventDate "2020.05.21"]
[WhiteTeam "Dulwich College Junior B"]
[BlackTeam "SASCA Sharks"]

1. e4 e5 2. Nf3 Nc6 3. Nc3 Nf6 4. Bb5 d6 5. O-O Bd7 6. Bc4 Be7 7. Ng5 O-O 8. d3
h6 9. Nf3 a6 10. Nd5 Nxd5 11. Bxd5 Re8 12. d4 exd4 13. Nxd4 Nxd4 14. Qxd4 c6
15. Bb3 c5 16. Qc3 b5 17. a3 c4 18. Ba2 Bf6 19. Qg3 Bc6 20. Re1 Rxe4 21. Be3
Bxb2 22. Rad1 d5 23. Bxh6 Rxe1+ 24. Rxe1 Qb8 25. Qg5 Bf6 26. Qg4 Kf8 27. Bf4
Qc8 28. Qh5 Bc3 29. Qh8# 1-0

[Event "Junior Online 4NCL Division 5"]
[Site "online"]
[Date "2020.05.21"]
[Round "6.123"]
[White "Harper, Luke"]
[Black "Henderson, George"]
[Result "1-0"]
[WhiteElo "1075"]
[BlackElo "1000"]
[PlyCount "53"]
[EventDate "2020.05.21"]
[WhiteTeam "SASCA Sharks"]
[BlackTeam "Dulwich College Junior B"]

1. d4 d5 2. c4 dxc4 3. Nc3 Nc6 4. e3 Bf5 5. Bxc4 Nb4 6. Bd2 Nc2+ 7. Ke2 Nxa1 8.
Qxa1 Nf6 9. Nf3 Qd7 10. Ne5 Qd6 11. Nxf7 Qd7 12. Nxh8 Bg4+ 13. f3 Bh5 14. a3 e6
15. Qa2 c6 16. Bxe6 Qe7 17. d5 cxd5 18. Bxd5 Nxd5 19. Qxd5 Rd8 20. Qb5+ Rd7 21.
Nd5 Qe5 22. e4 a6 23. Bf4 Qd4 24. Nc7+ Kd8 25. Ne6+ Ke7 26. Nxd4 Rxd4 27. Qc5+
1-0

[Event "Junior Online 4NCL Division 5"]
[Site "online"]
[Date "2020.05.21"]
[Round "6.124"]
[White "Chesney, Oliver"]
[Black "Dewis, Oliver"]
[Result "1-0"]
[WhiteElo "1007"]
[BlackElo "1037"]
[PlyCount "97"]
[EventDate "2020.05.21"]
[WhiteTeam "Dulwich College Junior B"]
[BlackTeam "SASCA Sharks"]

1. Nf3 d5 2. d4 c5 3. dxc5 e6 4. Nc3 Bxc5 5. Bg5 Ne7 6. Ne5 Nd7 7. Nxd7 Bxd7 8.
Bxe7 Bxe7 9. e3 O-O 10. Bb5 Bxb5 11. Nxb5 Qb6 12. Qd3 a6 13. Nc3 Bf6 14. O-O-O
Rad8 15. b3 Rc8 16. Na4 Qb4 17. Rd2 e5 18. f4 exf4 19. exf4 Qa3+ 20. Kd1 Bd8
21. Qxd5 Qxa2 22. Ke2 Re8+ 23. Kf2 Rxc2 24. Rhd1 Rxd2+ 25. Rxd2 Qxb3 26. Qxd8
Qe6 27. Qd3 g6 28. Nc5 Qb6 29. Qd5 Rc8 30. Rc2 Rd8 31. Qxb7 Rd5 32. Qxd5 Qf6
33. g3 h6 34. Qa8+ Kg7 35. Nd7 Qd4+ 36. Ke2 Qxd7 37. Qc6 Qe7+ 38. Kd3 Qe8 39.
Qxe8 a5 40. h3 h5 41. g4 hxg4 42. hxg4 a4 43. Qxa4 f6 44. Rh2 g5 45. fxg5 fxg5
46. Qa6 Kf7 47. Rb2 Ke7 48. Rb7+ Kd8 49. Qa8# 1-0

[Event "Junior Online 4NCL Division 5"]
[Site "online"]
[Date "2020.05.21"]
[Round "6.125"]
[White "Bhasin, Aadit"]
[Black "Atkinson, Matthew"]
[Result "1-0"]
[WhiteElo "1255"]
[BlackElo "1247"]
[PlyCount "71"]
[EventDate "2020.05.21"]
[WhiteTeam "Dulwich College Junior B"]
[BlackTeam "SASCA Sharks"]

1. e4 e5 2. Nf3 Nc6 3. Bc4 d6 4. Nc3 Nf6 5. Ng5 Be6 6. Bxe6 fxe6 7. Nxe6 Nd7 8.
Nxd8 Nxd8 9. O-O Nc6 10. Nd5 O-O-O 11. c3 Nc5 12. d3 Kb8 13. d4 Ne6 14. Be3 Rg8
15. Nb4 Ne7 16. d5 Nc5 17. Bxc5 dxc5 18. Nd3 Ng6 19. Qb3 b6 20. a4 Kb7 21. a5
Bd6 22. Qb5 Kb8 23. a6 Ne7 24. c4 Rc8 25. b4 Rgf8 26. bxc5 Rf6 27. cxd6 Rxd6
28. Nxe5 c6 29. dxc6 Nxc6 30. Nxc6+ Rdxc6 31. Qe5+ R6c7 32. Rad1 Ka8 33. Qd5+
Kb8 34. Qe6 Rxc4 35. Rd8 Rxd8 36. Qxc4 1-0

[Event "Junior Online 4NCL Division 5"]
[Site "online"]
[Date "2020.05.21"]
[Round "6.126"]
[White "Krajci, Patrik"]
[Black "Sharma, Ayush"]
[Result "1-0"]
[WhiteElo "1255"]
[BlackElo "1180"]
[PlyCount "63"]
[EventDate "2020.05.21"]
[WhiteTeam "SASCA Sharks"]
[BlackTeam "Dulwich College Junior B"]

1. e4 e5 2. Nf3 Nc6 3. Bc4 Nf6 4. Nc3 Nxe4 5. Nxe4 d5 6. Bd3 Bf5 7. Nc5 e4 8.
Nxb7 Qc8 9. Bxe4 Bxe4 10. Ng5 Bxg2 11. Rg1 Be4 12. Nxe4 dxe4 13. Qe2 Qxb7 14.
Qxe4+ Be7 15. Rxg7 Nb4 16. Qxb7 Rd8 17. Kd1 Rd5 18. c3 Re5 19. Qc8+ Bd8 20.
cxb4 Ke7 21. d4 Rd5 22. Bg5+ Kf8 23. Bxd8 Kxg7 24. Qg4+ Kf8 25. Qe4 Rxd8 26. f4
Re8 27. Qb7 Re3 28. Qxc7 Rg8 29. Kd2 Rf3 30. Qd6+ Ke8 31. Re1+ Re3 32. Rxe3#
1-0

[Event "Junior Online 4NCL Division 5"]
[Site "online"]
[Date "2020.05.21"]
[Round "6.127"]
[White "Henderson, George"]
[Black "Harper, Luke"]
[Result "0-1"]
[WhiteElo "1000"]
[BlackElo "1075"]
[PlyCount "38"]
[EventDate "2020.05.21"]
[WhiteTeam "Dulwich College Junior B"]
[BlackTeam "SASCA Sharks"]

1. e4 e5 2. Bc4 Nf6 3. d4 exd4 4. e5 Ne4 5. Qxd4 Nc5 6. Nf3 Nc6 7. Qf4 Ne6 8.
Bxe6 dxe6 9. Ng5 f5 10. Qh4 Be7 11. Qh5+ g6 12. Qh4 b6 13. Qh6 Bf8 14. Qh3 Ba6
15. Nxe6 Qd7 16. Nxf8 Kxf8 17. Nc3 Nd4 18. Kd1 Nf3+ 19. Bd2 Qxd2# 0-1

[Event "Junior Online 4NCL Division 5"]
[Site "online"]
[Date "2020.05.21"]
[Round "6.128"]
[White "Dewis, Oliver"]
[Black "Chesney, Oliver"]
[Result "1/2-1/2"]
[WhiteElo "1037"]
[BlackElo "1007"]
[PlyCount "197"]
[EventDate "2020.05.21"]
[WhiteTeam "SASCA Sharks"]
[BlackTeam "Dulwich College Junior B"]

1. d4 d5 2. c4 dxc4 3. e4 Nc6 4. Bxc4 Qxd4 5. Qxd4 Nxd4 6. Nf3 Nc2+ 7. Kd1 Nxa1
8. Nc3 Bg4 9. Bf4 Bxf3+ 10. gxf3 O-O-O+ 11. Ke2 e6 12. Rxa1 Bb4 13. Be5 Nf6 14.
Nb5 Rd7 15. a3 Bd6 16. Nxd6+ cxd6 17. Bd4 d5 18. Bb5 Rd6 19. Bxa7 dxe4 20. fxe4
Nxe4 21. Rc1+ Kd8 22. Be3 Rd5 23. Kf3 Nd2+ 24. Bxd2 Rxd2 25. Ke3 Rxb2 26. Rd1+
Ke7 27. Rd7+ Kf6 28. Rxb7 g5 29. f4 gxf4+ 30. Kxf4 e5+ 31. Ke3 Rg8 32. Kd3 Rxh2
33. Bc4 Rf8 34. Ke3 Rh4 35. Rc7 h5 36. Kf3 Rf4+ 37. Kg3 h4+ 38. Kh3 Rf3+ 39.
Kxh4 e4 40. Kg4 Rxa3 41. Kf4 e3 42. Kf3 Re8 43. Rxf7+ Kg6 44. Rf4 e2+ 45. Kf2
e1=Q+ 46. Kg2 Qd2+ 47. Rf2 Re2 48. Rxe2 Qxe2+ 49. Bxe2 Ra2 50. Kf2 Kf5 51. Ke3
Ra3+ 52. Kf2 Ke5 53. Kg2 Ke4 54. Kf1 Ra1+ 55. Kf2 Ra2 56. Kf1 Rb2 57. Kf2 Rc2
58. Ke1 Rc1+ 59. Kd2 Ra1 60. Bd3+ Kd4 61. Bc2 Ra2 62. Kc1 Ra1+ 63. Kb2 Ra5 64.
Kb3 Rc5 65. Kb2 Rc8 66. Bf5 Rc5 67. Bc2 Rc4 68. Bb3 Rc3 69. Bc2 Rh3 70. Bf5 Rf3
71. Bc2 Rf2 72. Kc1 Rf1+ 73. Kd2 Ra1 74. Ke2 Ra2 75. Kd2 Rb2 76. Kc1 Ra2 77.
Bb1 Ra3 78. Bc2 Rc3 79. Kd2 Rh3 80. Bf5 Rh2+ 81. Ke1 Rh5 82. Bg4 Re5+ 83. Kf2
Kd3 84. Kg3 Re3+ 85. Kf4 Re8 86. Bf5+ Kc3 87. Bg6 Rg8 88. Bf7 Rf8 89. Ke5 Rd8
90. Ke6 Rd1 91. Bh5 Rd2 92. Bf7 Rd1 93. Bh5 Re1+ 94. Kf5 Rf1+ 95. Kg5 Rg1+ 96.
Kh4 Rh1+ 97. Kg4 Rg1+ 98. Kh4 Rd1 99. Bxd1 1/2-1/2

[Event "Junior Online 4NCL Division 5"]
[Site "online"]
[Date "2020.05.21"]
[Round "6.131"]
[White "Flinn, David"]
[Black "Xu, Jiarui"]
[Result "0-1"]
[WhiteElo "762"]
[BlackElo "1420"]
[PlyCount "142"]
[EventDate "2020.05.21"]
[WhiteTeam "Gonzaga College SJ D"]
[BlackTeam "Cambridge Chess & Go B"]

1. e4 e5 2. Nf3 Nc6 3. Bc4 Bc5 4. Nc3 Nf6 5. d3 d6 6. Be3 Bxe3 7. fxe3 O-O 8.
O-O Re8 9. a3 Be6 10. Bb3 Bxb3 11. cxb3 a6 12. Qd2 Ne7 13. d4 exd4 14. exd4 Ng6
15. Rae1 Qd7 16. e5 dxe5 17. dxe5 Qxd2 18. Nxd2 Rxe5 19. Rxe5 Nxe5 20. Nc4 Nxc4
21. bxc4 Rd8 22. Re1 h6 23. Ne4 Nxe4 24. Rxe4 Rd1+ 25. Kf2 Rd2+ 26. Re2 Rxe2+
27. Kxe2 f5 28. Kf3 c5 29. h4 Kf7 30. Kf4 Ke6 31. g3 h5 32. b3 g6 33. a4 b6 34.
Ke3 Ke5 35. Kf3 a5 36. Ke3 Ke6 37. Kf4 Kf6 38. Ke3 Ke5 39. Kf3 Kd4 40. Kf4 Kc3
41. Kg5 Kxb3 42. Kxg6 Kxc4 43. Kxf5 Kb4 44. g4 hxg4 45. Kxg4 c4 46. h5 c3 47.
h6 c2 48. h7 c1=Q 49. h8=Q Qc4+ 50. Kg5 Kxa4 51. Qe8+ Qb5+ 52. Qxb5+ Kxb5 53.
Kf4 Kc4 54. Ke3 Kc3 55. Ke2 Kc2 56. Ke3 a4 57. Kd4 a3 58. Kc4 a2 59. Kb5 a1=Q
60. Kxb6 Qc3 61. Kb5 Kd3 62. Kb6 Qc4 63. Ka5 Qb3 64. Ka6 Qb4 65. Ka7 Qb5 66.
Ka8 Kc4 67. Ka7 Kc5 68. Ka8 Kc6 69. Ka7 Kc7 70. Ka8 Qb4 71. Ka7 Qb7# 0-1

[Event "Junior Online 4NCL Division 5"]
[Site "online"]
[Date "2020.05.21"]
[Round "6.132"]
[White "Ke, Kevin"]
[Black "Conway, Tom"]
[Result "0-1"]
[WhiteElo "1345"]
[BlackElo "747"]
[PlyCount "70"]
[EventDate "2020.05.21"]
[WhiteTeam "Cambridge Chess & Go B"]
[BlackTeam "Gonzaga College SJ D"]

1. d4 Nf6 2. Nc3 d5 3. Bg5 c5 4. Nf3 Nc6 5. e3 Bg4 6. dxc5 h6 7. Bxf6 exf6 8.
h3 Be6 9. Bb5 Bxc5 10. Qd3 O-O 11. O-O-O Ne7 12. Rd2 Bf5 13. Qf1 Bb4 14. Rd4
Bxc3 15. bxc3 Rc8 16. c4 Qa5 17. Kb2 Qb6 18. cxd5 a6 19. d6 Nc6 20. Rd5 Bxc2
21. Qe2 Be4 22. Rh5 Bxf3 23. gxf3 axb5 24. Rxb5 Qd8 25. Rxb7 Qxd6 26. Rd1 Qe5+
27. Kb3 Na5+ 28. Ka4 Nxb7 29. Rb1 Nd6 30. Qd3 Ra8+ 31. Kb3 Rfb8+ 32. Kc2 Rxa2+
33. Kc1 Rxb1+ 34. Qxb1 Qc3+ 35. Kd1 Qd2# 0-1